00534nam a2200169Ia 4500003000900000008004100009020001600050040001600066080001600082245009800098260005700196300001500253650004100268650001400309650001300323700002800336IN-BaIIA211028s9999 xx 000 0 eng d a87081-025-1 cIIA Library a524.83bCOS 0aCosmology, fusion and other mattersbGeorge Gamow memorial volumecedited by Frederick Reines aColoradobColorado Associated University Pressc1972 axiv, 320p. aAstronomy and astrophysics thesaurus aCosmology aUniverse aReines, Frederick., ed.